| 000 | 00414nam a2200145Ia 4500 | ||
|---|---|---|---|
| 999 |
_c22877 _d22877 |
||
| 082 | _aRL.0019 | ||
| 100 | _aLele, Medha Kotwal | ||
| 245 | 0 | _aWomen and radicalism in Maharashtra : Continuity and change | |
| 260 |
_c1994 _bICSSR, New Delhi |
||
| 300 | _av.p. | ||
| 650 | _aRADICALISM - MAHARASHTRA | ||
| 650 | _aWOMEN - MAHARASHTRA | ||
| 710 | _aShankar Brahme Samajvidnyana Granthalaya, Pune | ||
| 942 |
_cRP _2ddc |
||